[Event "AUTO-ADV-4920"]
[Site "http://www.queenalice.com/game.php?id=1869552"]
[Date "2026.2.21"]
[Round "1"]
[White "Petruzza"]
[Black "marcoswerneck"]
[Result "1-0"]
[WhiteElo "1891"]
[BlackElo "1881"]

1. e4 e5 2. Nf3 d6 3. Nc3 a6 4. Bc4 h6 5. d3 Nf6 6. Nd5 Nxd5 7. Bxd5 c6 8. Bb3
Qe7 9. Be3 Be6 10. c4 Qc7 11. h3 Be7 12. a4 c5 13. g4 Nc6 14. Bd2 Nd4 15. Nxd4
exd4 16. f4 Bh4+ 17. Ke2 Be7 18. f5 Bd7 19. Bf4 g5 20. Bg3 h5 21. gxh5 Rxh5 22.
Kf2 O-O-O 23. Qxh5 Qb6 24. Qd1 f6 25. h4 g4 26. h5 Rh8 27. h6 Be8 28. Ra3 Bf8
29. Bf4 a5 30. Ra2 Bf7 31. Bc2 Bg8 32. Qxg4 Qc7 33. Qg6 Qe7 34. Bd2 Bh7 35. Qg3
Rg8 36. Qf3 Kb8 37. Bxa5 Ka7 38. Bd2 Ka6 39. a5 Qc7 40. Ba4 d5 41. Bb5+ Ka7 42.
cxd5 Bd6 43. a6 b6 44. b4 cxb4 45. Rc1 Bg3+ 46. Ke2 Qe5 47. Bxb4 Bf4 48. Bd2
Bxd2 49. Rh1 Be3 50. Rh3 Qd6 51. Rc2 Qd8 52. Rc6 Bg5 53. d6 Be3 54. Rc7+ Ka8 55.
Bc6+ 1-0

[Event "AUTO-ADV-4920"]
[Site "http://www.queenalice.com/game.php?id=1869553"]
[Date "2026.2.21"]
[Round "1"]
[White "marcoswerneck"]
[Black "Petruzza"]
[Result "1-0"]
[WhiteElo "1863"]
[BlackElo "1909"]

1. e4 e5 2. d3 d5 3. Be2 d4 4. h3 Bb4+ 5. Bd2 Bxd2+ 6. Qxd2 Nf6 7. Nf3 Nc6 8. a3
b5 9. b3 a5 10. c3 Be6 11. Qg5 g6 12. Nxe5 Nxe5 13. Qxe5 dxc3 14. Nxc3 O-O 15.
Qxb5 Rb8 16. Qe5 Rxb3 17. O-O Nd7 18. Qxa5 Qf6 19. Nd5 Bxd5 20. Qxd5 Rb2 21.
Qxd7 Rxe2 22. Qxc7 Rd8 23. Rad1 h5 24. a4 Ra2 25. a5 Ra8 26. e5 Qe6 27. d4 R2xa5
28. Qd6 Qf5 29. Qf6 Qd7 30. e6 Qxe6 31. Qxe6 fxe6 32. Rfe1 Re8 33. d5 Kf7 34.
dxe6+ Rxe6 35. Rd7+ Kf6 36. Red1 Ree5 37. f4 Re6 38. Rd8 Kf5 39. Rf8+ Rf6 40.
g4+ hxg4 41. hxg4+ Kxf4 42. Rxf6+ Kxg4 43. Rxg6+ Rg5 44. Rxg5+ Kxg5 45. Rf1 Kg4
46. Kg2 Kh4 47. Rf3 Kg4 48. Rf8 Kg5 49. Kg3 Kg6 50. Kg4 Kg7 51. Rf5 Kg6 52. Rd5
Kg7 53. Kg5 Kf7 54. Re5 Kg7 55. Rf5 Kh7 56. Rf7+ 1-0

[Event "AUTO-ADV-4920"]
[Site "http://www.queenalice.com/game.php?id=1869554"]
[Date "2026.2.21"]
[Round "1"]
[White "Petruzza"]
[Black "Connor"]
[Result "0-1"]
[WhiteElo "1919"]
[BlackElo "1923"]

1. e4 e5 2. Nf3 d6 3. Bc4 Be7 4. d3 Nf6 5. Nc3 Bd7 6. Nd5 Nxd5 7. Bxd5 Nc6 8.
Be3 f5 9. d4 fxe4 10. Bxe4 exd4 11. Bxd4 Bf6 12. Bxf6 Qxf6 13. c3 O-O 14. Qd3
Rae8 15. O-O Bf5 16. Bxf5 Qxf5 17. Qxf5 Rxf5 18. Nd4 Nxd4 19. cxd4 Rd5 20. Rad1
Re4 21. Rfe1 Rexd4 22. Re8+ Kf7 23. Rde1 Re5 24. R8xe5 dxe5 25. g3 Kf6 26. h4
Rd2 27. Rb1 c5 28. a3 b5 29. Kf1 a5 30. g4 h6 31. b4 axb4 32. axb4 cxb4 33. Rxb4
Rd4 34. Rxb5 Rxg4 35. Rb6+ Kf5 36. Rb7 g6 37. Rf7+ Ke6 38. f3 Rxh4 39. Rf8 Rf4
40. Rh8 h5 41. Kg2 Kf5 42. Rf8+ Kg5 43. Rxf4 exf4 44. Kh3 h4 45. Kg2 Kh5 46. Kh3
g5 47. Kg2 g4 0-1

[Event "AUTO-ADV-4920"]
[Site "http://www.queenalice.com/game.php?id=1869555"]
[Date "2026.2.21"]
[Round "1"]
[White "Connor"]
[Black "Petruzza"]
[Result "1/2-1/2"]
[WhiteElo "1956"]
[BlackElo "1922"]

1. d4 d6 2. e3 Nf6 3. c4 Bg4 4. Nf3 e5 5. dxe5 dxe5 6. Qxd8+ Kxd8 7. Nxe5 Bb4+
8. Bd2 Bxd2+ 9. Nxd2 Be6 10. a4 Ke7 11. f3 Nc6 12. Nxc6+ bxc6 13. b4 Rab8 14. b5
cxb5 15. cxb5 Rhd8 16. Nc4 Bxc4 17. Bxc4 g5 18. h3 h5 19. Ke2 Rd6 20. Rad1 Rbd8
21. e4 Nd7 22. Rxd6 cxd6 23. g4 Ne5 24. Bd5 h4 25. Rc1 Kd7 26. a5 Rc8 27. Rxc8
Kxc8 28. b6 axb6 29. axb6 f6 30. Ke3 Nd7 31. Be6 Kd8 32. Bxd7 Kxd7 33. b7 Kc7
1/2-1/2

[Event "AUTO-ADV-4920"]
[Site "http://www.queenalice.com/game.php?id=1869556"]
[Date "2026.2.21"]
[Round "1"]
[White "Petruzza"]
[Black "SGF"]
[Result "1-0"]
[WhiteElo "1909"]
[BlackElo "1641"]

1. e4 e5 2. Nf3 Qf6 3. Nc3 c6 4. d3 h6 5. Be3 Bb4 6. a3 Bxc3+ 7. bxc3 d6 8. h3
g5 9. d4 b5 10. d5 a6 11. c4 bxc4 12. dxc6 Nxc6 13. Bxc4 Na5 14. Bd5 Bb7 15. Bd2
Bxd5 16. exd5 Nc4 17. Bc3 Ne7 18. Nd2 Nxd5 19. Ne4 Qf4 20. Qxd5 Rc8 21. g3 Qf5
22. Bb4 O-O 23. Bxd6 Nxd6 24. Nxd6 Qd7 25. c4 Rc6 26. Ne4 Qxd5 27. cxd5 Rc4 28.
f3 Rfc8 29. Ke2 Rd8 30. Rhd1 f5 31. Nf6+ Kg7 32. Nh5+ Kg6 33. g4 f4 34. Rd3 Rc2+
35. Kd1 Rh2 36. Rc1 Rh1+ 37. Kd2 Rxc1 38. Kxc1 Rc8+ 39. Kb2 Rd8 40. Kc3 a5 41.
Kc4 a4 42. d6 e4 43. fxe4 f3 44. e5 f2 45. Rf3 Re8 46. Rf6+ Kh7 47. Kd5 Rb8 48.
Rf7+ Kg8 49. e6 Rb3 50. Nf6+ Kh8 51. Rh7# 1-0

[Event "AUTO-ADV-4920"]
[Site "http://www.queenalice.com/game.php?id=1869557"]
[Date "2026.2.21"]
[Round "1"]
[White "SGF"]
[Black "Petruzza"]
[Result "0-1"]
[WhiteElo "1655"]
[BlackElo "1903"]

1. e4 e5 2. Qf3 Nc6 3. c3 Nf6 4. d3 h6 5. Be2 g5 6. h4 g4 7. Qg3 h5 8. Bg5 Be7
9. Nd2 Nh7 10. b4 Bxg5 11. hxg5 Qxg5 12. Rh4 Nf6 13. Ndf3 Qf4 14. a4 Qxg3 15.
fxg3 d5 16. exd5 gxf3 17. dxc6 fxe2 18. cxb7 Bxb7 19. Nxe2 Bxg2 20. O-O-O Ng4
21. d4 e4 22. Nf4 Nf2 23. Rd2 e3 24. Re2 Bc6 25. Rxe3+ Kd7 26. Nxh5 Bxa4 27. Rf3
Ne4 28. Rxf7+ Ke6 29. Rxc7 Nxg3 30. Nf4+ Kf5 31. Rc5+ Kf6 32. Rxh8 Rxh8 33. Ra5
Rh1+ 34. Kd2 Rd1+ 35. Ke3 Nf5+ 36. Ke4 Bc2+ 37. Kf3 Rf1+ 38. Kg4 Bd1+ 39. Kh3
Rxf4 40. Rxa7 Rf3+ 41. Kg2 Rxc3 42. b5 Nxd4 43. Ra6+ Kf5 44. b6 Kf4 45. b7 Bf3+
46. Kf2 Bxb7 47. Rf6+ Nf5 48. Rf7 Rc2+ 49. Ke1 Be4 50. Kd1 Ke3 51. Rd7 Nd4 52.
Re7 Rd2+ 53. Kc1 Ne2# 0-1

[Event "AUTO-OPEN-4640"]
[Site "http://www.queenalice.com/game.php?id=1869615"]
[Date "2026.2.22"]
[Round "1"]
[White "EduardoRo"]
[Black "Petruzza"]
[Result "0-1"]
[WhiteElo "1668"]
[BlackElo "1913"]

1. e4 e5 2. Nf3 Nc6 3. Bc4 d6 4. O-O g5 5. c3 Nf6 6. d3 h6 7. Be3 Ng4 8. h3 Nxe3
9. fxe3 f5 10. exf5 Bxf5 11. e4 Bg6 12. Nbd2 Bg7 13. b4 a6 14. Bd5 h5 15. Bxc6+
bxc6 16. Nc4 O-O 17. Qd2 g4 18. hxg4 hxg4 19. Ng5 Rf6 20. Rxf6 Bxf6 21. Ne6 Qe7
22. Qh6 Kf7 23. Nxe5+ dxe5 24. Nc5 Rh8 25. Qe3 Bg5 26. Rf1+ Kg7 27. Qe2 Bh5 28.
d4 g3 29. Qd3 Bf4 30. dxe5 Bxe5 31. Qd7 Qxd7 32. Nxd7 Bxc3 33. Nf6 Bd4+ 0-1

[Event "AUTO-OPEN-4640"]
[Site "http://www.queenalice.com/game.php?id=1869616"]
[Date "2026.2.22"]
[Round "1"]
[White "Petruzza"]
[Black "EduardoRo"]
[Result "1/2-1/2"]
[WhiteElo "1918"]
[BlackElo "1699"]

1. e4 e5 2. Nf3 Nc6 3. b3 Nf6 4. d3 Bc5 5. Be3 Bxe3 6. fxe3 O-O 7. Nc3 d6 8. Nd5
Nxd5 9. exd5 Nb4 10. e4 Bg4 11. c3 Na6 12. Be2 Nc5 13. h3 Bxf3 14. Bxf3 Qh4+ 15.
Kd2 Qf4+ 16. Kc2 b5 17. g4 a5 18. Rf1 Qh2+ 19. Kb1 b4 20. d4 bxc3 21. Qe2 Qxe2
22. Bxe2 Nxe4 23. Kc2 Ng3 24. Rf2 exd4 25. Bb5 Ne4 26. Rf4 Nc5 27. Bc6 Ra6 28.
Rxd4 Ne6 29. dxe6 Rxc6 30. e7 Re8 31. Re1 f6 32. Rd5 Kf7 33. Rxa5 Rxe7 34. Rxe7+
Kxe7 35. h4 h6 36. Rh5 Ke6 37. g5 hxg5 38. hxg5 f5 39. Rh8 Kf7 40. Rh1 g6 41. a4
Ke6 42. a5 f4 43. b4 Kf5 44. Rg1 f3 45. b5 Rc5 46. a6 Rxb5 47. Ra1 Rb8 48. Kxc3
Kxg5 49. Kd2 Ra8 50. Ke3 Kg4 51. Kf2 g5 52. Ra4+ Kh5 53. Kxf3 g4+ 54. Kg3 c6 55.
Ra5+ Kg6 56. Kxg4 Kf6 57. Kf4 Ke6 58. a7 Kd7 59. Kf5 c5 60. Ke4 Kc7 61. Ra6 Kb7
62. Rxd6 Rxa7 63. Rd7+ Kb6 64. Rxa7 Kxa7 65. Kd5 Kb6 66. Kc4 Kc6 67. Kc3 Kb5 68.
Kb3 Ka5 69. Kc3 Kb5 70. Kb3 Ka5 71. Kc3 Kb6 72. Kb3 Ka5 1/2-1/2

[Event "AUTO-OPEN-4640"]
[Site "http://www.queenalice.com/game.php?id=1869643"]
[Date "2026.2.22"]
[Round "1"]
[White "Petruzza"]
[Black "Capixabba789"]
[Result "1/2-1/2"]
[WhiteElo "1921"]
[BlackElo "1953"]

1. e4 e5 2. Nf3 d6 3. d3 f5 4. Nc3 Nf6 5. exf5 Bxf5 6. Bg5 Be7 7. Bxf6 Bxf6 8.
Nd5 O-O 9. h3 Nc6 10. g4 Be6 11. c4 Bxd5 12. cxd5 Nd4 13. Nxd4 exd4 14. Qd2 Re8+
15. Be2 Bh4 16. Rf1 Qf6 17. O-O-O c5 18. f4 b5 19. g5 Qf5 20. Bf3 Qxh3 21. Be4
Rxe4 22. dxe4 Qg3 23. Rg1 Qe3 24. Qxe3 dxe3 25. Rg4 Bf2 26. Rh1 a5 27. Kd1 c4
28. Ke2 Re8 29. f5 b4 30. f6 c3 31. bxc3 bxc3 32. Rc1 Rc8 33. Rf4 gxf6 34. gxf6
Kf7 35. a3 h5 36. Rxf2 exf2 37. Kxf2 a4 38. Kg3 Kxf6 1/2-1/2

[Event "AUTO-OPEN-4640"]
[Site "http://www.queenalice.com/game.php?id=1869644"]
[Date "2026.2.22"]
[Round "1"]
[White "Capixabba789"]
[Black "Petruzza"]
[Result "0-1"]
[WhiteElo "1933"]
[BlackElo "1898"]

1. e4 e5 2. Nf3 Nc6 3. Bb5 Qf6 4. d4 exd4 5. O-O a6 6. Ba4 Bc5 7. Nbd2 b5 8. Bb3
d6 9. Qe1 Be6 10. Bxe6 fxe6 11. Nb3 h6 12. Nxc5 dxc5 13. Bd2 g5 14. e5 Qf5 15.
c3 d3 16. Kh1 Nxe5 17. Nxe5 O-O-O 18. a4 Rd5 19. Nc6 Kb7 20. axb5 axb5 21. Na5+
Kb6 22. b4 c4 23. Qe3+ c5 24. Qg3 Nf6 25. Rae1 Ne4 26. Qe3 Nxd2 27. bxc5+ Rxc5
28. Qxd2 Kxa5 29. Ra1+ Kb6 30. Qa2 Rc7 31. Qa6+ Kc5 32. Qa3+ Kd5 33. Qb4 Rc5 34.
Ra5 Rb8 35. Ra7 e5 36. f3 g4 37. Raa1 Rf8 38. Ra5 e4 39. Rxb5 Rxb5 40. Qxb5+ Kd6
41. Qxc4 e3 42. Qd4+ Qd5 43. Qxe3 d2 44. Qxh6+ Ke7 45. Qh4+ Kd6 46. Qg3+ Kc5 47.
Qf2+ Kc4 0-1

[Event "AUTO-OPEN-4640"]
[Site "http://www.queenalice.com/game.php?id=1869645"]
[Date "2026.2.22"]
[Round "1"]
[White "Petruzza"]
[Black "ichtus"]
[Result "0-1"]
[WhiteElo "1927"]
[BlackElo "2831"]

1. e4 c5 2. Bc4 e6 3. Nh3 d5 4. exd5 exd5 5. Bb5+ Nc6 6. Bxc6+ bxc6 7. d3 Bxh3
8. gxh3 Bd6 9. Qg4 Kf8 10. Bg5 h5 11. Qf5 Nh6 12. Bxh6 Rxh6 13. Nc3 Re6+ 14. Kf1
Qh4 15. Rg1 Rf6 16. Qxf6 gxf6 17. Ke2 Re8+ 0-1

[Event "AUTO-OPEN-4640"]
[Site "http://www.queenalice.com/game.php?id=1869646"]
[Date "2026.2.22"]
[Round "1"]
[White "ichtus"]
[Black "Petruzza"]
[Result "1-0"]
[WhiteElo "2832"]
[BlackElo "1915"]

1. d4 d5 2. Nf3 e6 3. c4 Nf6 4. Nc3 dxc4 5. e4 Bb4 6. Bg5 Bxc3+ 7. bxc3 b5 8. e5
h6 9. exf6 hxg5 10. fxg7 Rg8 11. a4 Ba6 12. axb5 Bxb5 13. Bxc4 Bxc4 14. Qa4+ Bb5
15. Qxb5+ c6 16. Qb7 Nd7 17. h4 g4 18. Ng5 Rxg7 19. O-O Qc8 20. Qxc8+ Rxc8 21.
Rxa7 c5 22. Ne4 cxd4 23. Nd6+ Kd8 24. Nxc8 Kxc8 25. cxd4 f5 26. Rc1+ Kd8 27.
Rcc7 f4 28. h5 Rh7 29. Rxd7+ Rxd7 30. Rxd7+ Kxd7 31. h6 1-0

[Event "AUTO-MASTER-3297"]
[Site "http://www.queenalice.com/game.php?id=1869746"]
[Date "2026.2.25"]
[Round "1"]
[White "Capixaba789"]
[Black "Petruzza"]
[Result "1/2-1/2"]
[WhiteElo "1815"]
[BlackElo "1901"]

1. d4 d5 2. Nc3 Nf6 3. f4 Bf5 4. Nf3 e6 5. e3 Ne4 6. Bd2 Bd6 7. Bd3 Nxc3 8. Bxc3
Nc6 9. O-O h6 10. Ne5 Bxe5 11. fxe5 Bxd3 12. cxd3 Qg5 13. Qf3 Rf8 14. a3 a5 15.
e4 dxe4 16. dxe4 f6 17. exf6 Rxf6 18. Qe2 O-O-O 19. Rxf6 gxf6 20. Rf1 Rg8 21. d5
Ne5 22. Bxa5 exd5 23. exd5 b6 24. Bb4 Nd7 25. Qa6+ Kb8 26. Qe2 Kb7 27. Bc3 f5
28. Qf3 Ka6 29. Bd4 Nc5 30. Bf2 Ne4 31. Bg3 Kb7 32. Qxf5 Qe3+ 33. Kh1 Nxg3+ 34.
hxg3 Rg5 35. Qf2 Qe5 36. Re1 Qxd5 37. Rf1 h5 38. Rc1 Rf5 39. Qc2 c5 40. b4 c4
41. Qxc4 Qxc4 42. Rxc4 1/2-1/2

[Event "AUTO-MASTER-3297"]
[Site "http://www.queenalice.com/game.php?id=1869747"]
[Date "2026.2.25"]
[Round "1"]
[White "Petruzza"]
[Black "Capixaba789"]
[Result "0-1"]
[WhiteElo "1923"]
[BlackElo "1783"]

1. e4 Nf6 2. Nc3 e5 3. Nf3 d6 4. Bd3 Be7 5. Nd5 c5 6. Bb5+ Bd7 7. Bxd7+ Nbxd7 8.
d3 O-O 9. h3 Nb6 10. Nxf6+ Bxf6 11. g4 c4 12. g5 Be7 13. h4 f5 14. exf5 Rxf5 15.
d4 e4 16. Nd2 d5 17. Nf1 Qd6 18. Ne3 Rf3 19. Ng4 Raf8 20. Rf1 Na4 21. Ne5 R3f5
22. a3 b5 23. Ra2 Bd8 24. f4 Ba5+ 25. Bd2 c3 26. bxc3 Bxc3 27. Qe2 Bxd4 28. c3
Bxe5 29. c4 Bxf4 30. Rxf4 Rxf4 31. Bxf4 Qxf4 32. Rc2 Qxh4+ 33. Kd1 Qxg5 34. Rc1
Qg1+ 35. Kc2 Qc5 36. Kb1 bxc4 37. Rc2 Qxa3 38. Qd2 Rf1+ 39. Rc1 Qb3+ 40. Ka1
Qa3+ 0-1

[Event "AUTO-MASTER-3297"]
[Site "http://www.queenalice.com/game.php?id=1869762"]
[Date "2026.2.25"]
[Round "1"]
[White "stoyan1"]
[Black "Petruzza"]
[Result "1-0"]
[WhiteElo "2042"]
[BlackElo "1907"]

1. e4 e5 2. Nf3 Nc6 3. Bc4 Bc5 4. O-O d6 5. d3 Nd4 6. c3 Nxf3+ 7. Qxf3 Nf6 8. b4
Bb6 9. Be3 Bg4 10. Qg3 Bxe3 11. fxe3 h5 12. h3 h4 13. Qh2 Be6 14. Bxe6 fxe6 15.
g4 Nh7 16. Nd2 Rf8 17. Rxf8+ Nxf8 18. d4 exd4 19. exd4 Qg5 20. Re1 O-O-O 21. Qf2
Nd7 22. Nf3 Qf6 23. Nxh4 Qxf2+ 24. Kxf2 Nb6 25. Ke2 Rh8 26. Nf3 Rxh3 27. Rc1 Na4
28. Kf2 Nb2 29. Kg2 Rh8 30. Rc2 Nc4 31. Re2 b5 32. Nd2 Rh4 33. Kg3 Rh1 34. Nxc4
bxc4 35. a4 a5 36. bxa5 Ra1 37. d5 e5 38. Rf2 Rxa4 39. Kh4 Rxa5 40. Kg5 Ra7 41.
Kg6 Ra3 42. Rf3 Ra7 43. Kxg7 c5+ 44. Kg8 Kb7 45. Rf7+ Kb6 46. Rxa7 Kxa7 47. g5
Ka6 48. g6 Ka5 49. Kf7 Ka4 50. g7 Kb3 51. g8=Q Kxc3 52. Qb8 Kd4 53. Qb1 c3 54.
Qc2 1-0

[Event "AUTO-MASTER-3297"]
[Site "http://www.queenalice.com/game.php?id=1869763"]
[Date "2026.2.25"]
[Round "1"]
[White "Petruzza"]
[Black "stoyan1"]
[Result "1-0"]
[WhiteElo "1910"]
[BlackElo "2029"]

1. e4 e5 2. Nf3 Bc5 3. d3 Nc6 4. Be3 Bxe3 5. fxe3 d6 6. Nc3 Nf6 7. Nd5 Be6 8. h3
Nxd5 9. exd5 Bxd5 10. c4 Be6 11. Nd2 Qh4+ 12. Ke2 g5 13. Rg1 g4 14. Ne4 f5 15.
g3 Qh5 16. Nf6+ 1-0

[Event "AUTO-MASTER-3297"]
[Site "http://www.queenalice.com/game.php?id=1869774"]
[Date "2026.2.25"]
[Round "1"]
[White "Petruzza"]
[Black "Guilherme_Ottoni"]
[Result "0-1"]
[WhiteElo "1931"]
[BlackElo "2224"]

1. e4 e5 2. Nf3 Nc6 3. c3 Nf6 4. Bd3 d5 5. exd5 Qxd5 6. Qe2 Be7 7. Bc4 Qd6 8.
Na3 a6 9. b4 Bg4 10. h3 Bh5 11. g4 Bg6 12. Ng5 h6 13. Nf3 e4 14. Nh4 Ne5 15. Bb2
b5 16. Nxg6 fxg6 17. Bxb5+ axb5 18. Nxb5 Nd3+ 19. Kf1 Qb6 20. a4 Nxb2 21. d4 Nd3
22. Na3 Rxa4 23. Kg2 Nf4+ 24. Kf1 Nxe2 25. Kxe2 Nd5 0-1

[Event "AUTO-MASTER-3297"]
[Site "http://www.queenalice.com/game.php?id=1869775"]
[Date "2026.2.25"]
[Round "1"]
[White "Guilherme_Ottoni"]
[Black "Petruzza"]
[Result "1-0"]
[WhiteElo "2227"]
[BlackElo "1925"]

1. d4 d5 2. Nf3 e6 3. e3 Nf6 4. Bd3 Bb4+ 5. c3 Bd6 6. Nbd2 Nc6 7. e4 dxe4 8.
Nxe4 Nxe4 9. Bxe4 Ne7 10. Qc2 h6 11. O-O f5 12. Bd3 g5 13. Re1 Bf4 14. Bxf4 gxf4
15. Bc4 Qd6 16. Qb3 Nd5 17. Bxd5 O-O 18. Bxe6+ Bxe6 19. Qxe6+ Qxe6 20. Rxe6 Kg7
21. Rae1 a5 22. Re7+ Rf7 23. Rxf7+ Kxf7 24. Re5 Kf6 25. Nh4 Rf8 26. Rxf5+ Kg7
27. Rxf8 Kxf8 28. Ng6+ Kf7 29. Nxf4 1-0

[Event "Challenge"]
[Site "http://www.queenalice.com/game.php?id=1871172"]
[Date "2026.3.29"]
[Round "-"]
[White "Leanne"]
[Black "Petruzza"]
[Result "0-1"]
[WhiteElo "1363"]
[BlackElo "1896"]

1. c4 e5 2. e4 Nf6 3. Nc3 Bc5 4. Nf3 Nc6 5. d3 d6 6. g3 Nd4 7. Bg2 Bg4 8. O-O h5
9. Qa4+ c6 10. Nd2 h4 11. b4 Bb6 12. Re1 a6 13. Bb2 Bc7 14. Rac1 b5 15. Qa3 bxc4
16. dxc4 h3 17. Bf1 c5 18. Nd5 Nxd5 19. exd5 O-O 20. bxc5 dxc5 21. Qe3 Rb8 22.
Bxd4 exd4 23. Qe4 Qg5 24. d6 Ba5 25. Bd3 g6 26. f4 Qd8 27. f5 Bxd2 28. Qxg4 Bxc1
29. fxg6 Qg5 30. gxf7+ Rxf7 31. Qxh3 Be3+ 32. Kh1 Rd8 33. a4 a5 34. Rb1 Bd2 35.
Kg2 Bb4 36. Kh1 Rxd6 37. Qc8+ Kg7 38. Rg1 Rdf6 39. h4 Qh5 40. Qh3 Qf3+ 41. Kh2
Qxd3 42. Qg4+ Rg6 43. Qxg6+ Kxg6 0-1

[Event "AUTO-ADV-4938"]
[Site "http://www.queenalice.com/game.php?id=1874142"]
[Date "2026.5.30"]
[Round "1"]
[White "Petruzza"]
[Black "shmurtz91"]
[Result "0-1"]
[WhiteElo "1907"]
[BlackElo "1885"]

1. e4 c5 2. c3 e6 3. Qf3 Nf6 4. Bd3 Nc6 5. Qe2 d5 6. exd5 Nxd5 7. g3 Qc7 8. Bb5
Bd7 9. a4 a6 10. Bxc6 Bxc6 11. f3 Bd6 12. Nh3 Bxg3+ 13. hxg3 Qxg3+ 14. Nf2 Nf4
15. Qc4 Bxf3 16. Qxf4 Qxf4 17. Rh3 Qe5+ 18. Kf1 Qe2+ 19. Kg1 Qe1+ 0-1

[Event "AUTO-ADV-4938"]
[Site "http://www.queenalice.com/game.php?id=1874145"]
[Date "2026.5.30"]
[Round "1"]
[White "mvson33"]
[Black "Petruzza"]
[Result "0-1"]
[WhiteElo "1815"]
[BlackElo "1890"]

1. e4 e5 2. Nf3 Nc6 3. Bc4 d6 4. Nc3 Nf6 5. d3 h6 6. O-O g5 7. Bd2 Bg4 8. Nd5
Nxd5 9. Bxd5 Nd4 10. c3 Nxf3+ 11. gxf3 Bh3 12. Re1 h5 13. f4 gxf4 14. Kh1 Rg8
15. Qxh5 Bg2+ 16. Kg1 Bf3+ 0-1